Clubs les plus titrés par compétion - Statistiques

Statistiques générales
  • Ce quiz a été pris 160 fois
  • Le résultat moyen est 20 sur 30
Statistiques - réponses
Compétition Nombre de titres Club % Correct
1 Liverpool/ SC Internacional/ Manchester United
100%
6 Liverpool
99%
3 Liverpool
99%
4 Liverpool
99%
Ligue des Champions 13 Real Madrid
99%
4 Real Madrid
99%
Coupe du monde des clubs 4 Real Madrid
99%
1 São Paulo FC/ Bayern Munich/ AC Milan/ Inter Milan
99%
7 AC Milan
97%
5 AC Milan
97%
5 FC Barcelone
97%
Supercoupe d'Europe 5 FC Barcelone
97%
3 FC Barcelone
97%
5 Bayern Munich
89%
Ligue Europa 5 FC Séville
86%
Ligue des Champions féminine 6 Olympique Lyonnais
76%
3 Inter Milan
75%
3 Juventus Turin
62%
4 River Plate
61%
6 Boca Juniors
51%
3 Atlético Madrid
45%
3 Atlético Madrid
45%
2 VfL Wolfsburg
39%
2 SC Corinthians
13%
Copa Libertadores 7 Independiente
11%
4 Estudiantes
7%
5 Peñarol
7%
4 Eintracht Francfort
6%
2 FFC Turbine Potsdam
5%
2 Umeå IK
0%
Aucun quiz correspondant
Distribution des résultats
% des personnes avec chaque résultat
Percentile par nombre de réponses
Votre historique - résultats
Vous n’avez pas pris ce quiz